The naked and the dead (Norman Mailer). (Record no. 3375)

MARC details
000 -LEADER
fixed length control field 00485nam a22001697a 4500
003 - CONTROL NUMBER IDENTIFIER
control field URS
005 - DATE AND TIME OF LATEST TRANSACTION
control field 20220114142457.0
008 - FIXED-LENGTH DATA ELEMENTS--GENERAL INFORMATION
fixed length control field 200212s1970 flu 000 0beng
040 ## - CATALOGING SOURCE
Transcribing agency URS
Modifying agency rda
Language of cataloging eng
050 10 - LIBRARY OF CONGRESS CALL NUMBER
Classification number PS 3525
Item number .M219 1970
100 ## - MAIN ENTRY--PERSONAL NAME
Personal name Mailer, Norman
245 14 - TITLE STATEMENT
Title The naked and the dead (Norman Mailer).
Remainder of title Norman Mailer
260 ## - PUBLICATION, DISTRIBUTION, ETC.
Place of publication, distribution, etc. Deland, Fla.,
Name of publisher, distributor, etc. Everett/Edwards
Date of publication, distribution, etc. [1970]
300 ## - PHYSICAL DESCRIPTION
Extent 721 pages
Dimensions 23 cm
600 10 - SUBJECT ADDED ENTRY--PERSONAL NAME
Personal name Mailer, Norman.
Title of a work Naked and the dead.
942 ## - ADDED ENTRY ELEMENTS (KOHA)
Source of classification or shelving scheme Library of Congress Classification
Koha item type Foreign Books
Holdings
Withdrawn status Source of classification or shelving scheme Damaged status Not for loan Collection code Home library Current library Shelving location Date acquired Total Checkouts Full call number Barcode Date last seen Price effective from Koha item type
  Library of Congress Classification     Fiction Cainta College Library Cainta College Library On Display 02/12/2020   PS 3525.M219 1970 URSCAI-3306 11/04/2016 11/04/2016 Foreign Books

University of Rizal System
Email us at univlibservices@urs.edu.ph

Visit our Website www.urs.edu.ph/library